| 000 | 00430nam a2200169Ia 4500 | ||
|---|---|---|---|
| 008 | 230917s9999||||xx |||||||||||||| ||und|| | ||
| 020 | _cRS0.57 | ||
| 040 |
_e32534 _aMAIN |
||
| 041 | _aEnglish | ||
| 082 | _a361.60973 P442A | ||
| 100 | _aPeters, B Guy | ||
| 245 | 0 | _aAmerican public policy: Promise and performance | |
| 250 | _a2nd ed. | ||
| 260 |
_aNew Delhi _bEast West Press _c1988 |
||
| 300 | _aviii, 344 p. | ||
| 942 | _cBK | ||
| 999 |
_c81259 _d81259 |
||